000
00317nam a22001337a 4500
008
170526b xxu||||| |||| 00| 0 eng d
020
_a
15325008(2012)40(13-16)
041
_a
eng
080
_a
621.3
100
_a
27
101
_a
IM
245
_a
ELECTRIC POWER COMPONENTS AND SYSTEMS
_c
BOLDEA, I
942
_2
udc
_c
BK
999
_c
14480
_d
14480